[Event "DEM U10w 2025"]
[Site "Willingen GER"]
[Date "2025.06.13"]
[Round "8"]
[White "Ruddat, Maila"]
[Black "Sniegowski, Amalia"]
[Result "1/2-1/2"]
[Termination "normal"]
[Board "7"]
[WhiteElo "1573"]
[BlackElo "1411"]
[WhiteClock "00:35:05"]
[BlackClock "00:11:17"]
[PlyCount "81"]
[WhiteFideId "34628100"]
[BlackFideId "34675620"]
[EventCountry "GER"]
[EventRounds "9"]
[EventType "swiss"]
[EventDate "2025.06.07"]

1. d4 {[%clk 01:30:04]} {[%emt 00:00:55]} Nf6 {[%clk 01:30:35]} {[%emt
00:00:25]} 2. Nf3 {[%clk 01:28:49]} {[%emt 00:01:45]} d5 {[%clk 01:30:30]}
{[%emt 00:00:35]} 3. Bf4 {[%clk 01:28:26]} {[%emt 00:00:53]} Bf5 {[%clk
01:29:38]} {[%emt 00:01:22]} 4. e3 {[%clk 01:27:27]} {[%emt 00:01:30]} e6
{[%clk 01:25:44]} {[%emt 00:04:24]} 5. c4 {[%clk 01:27:11]} {[%emt 00:00:46]}
c6 {[%clk 01:22:53]} {[%emt 00:03:21]} 6. Qb3 {[%clk 01:21:52]} {[%emt
00:05:48]} Qc8 {[%clk 01:10:05]} {[%emt 00:13:19]} 7. h3 {[%clk 01:21:00]}
{[%emt 00:01:21]} Be7 {[%clk 01:05:44]} {[%emt 00:04:52]} 8. Nbd2 {[%clk
01:18:09]} {[%emt 00:03:21]} Nbd7 {[%clk 01:04:06]} {[%emt 00:02:07]} 9. Nh4
{[%clk 01:13:07]} {[%emt 00:05:30]} Be4 {[%clk 01:01:20]} {[%emt 00:03:17]} 10.
f3 {[%clk 01:09:40]} {[%emt 00:03:58]} Nh5 {[%clk 00:49:35]} {[%emt 00:12:15]}
11. fxe4 {[%clk 01:03:42]} {[%emt 00:06:28]} Bxh4+ {[%clk 00:49:37]} {[%emt
00:00:28]} 12. Ke2 {[%clk 01:03:39]} {[%emt 00:00:23]} Bg3 {[%clk 00:48:26]}
{[%emt 00:01:52]} 13. Kf3 {[%clk 01:01:23]} {[%emt 00:02:44]} Nxf4 {[%clk
00:44:55]} {[%emt 00:04:02]} 14. exf4 {[%clk 00:58:19]} {[%emt 00:03:34]} Bh4
{[%clk 00:44:34]} {[%emt 00:00:50]} 15. Rc1 {[%clk 00:50:17]} {[%emt 00:08:33]}
dxe4+ {[%clk 00:41:57]} {[%emt 00:03:07]} 16. Nxe4 {[%clk 00:50:12]} {[%emt
00:00:35]} O-O {[%clk 00:34:40]} {[%emt 00:07:48]} 17. g4 {[%clk 00:47:38]}
{[%emt 00:03:03]} f5 {[%clk 00:25:57]} {[%emt 00:09:14]} 18. Nd2 {[%clk
00:45:09]} {[%emt 00:02:53]} Bf6 {[%clk 00:23:05]} {[%emt 00:03:29]} 19. Qd3
{[%clk 00:41:24]} {[%emt 00:04:15]} c5 {[%clk 00:22:09]} {[%emt 00:01:26]} 20.
Nb3 {[%clk 00:40:43]} {[%emt 00:01:10]} cxd4 {[%clk 00:20:31]} {[%emt
00:02:09]} 21. Nxd4 {[%clk 00:40:39]} {[%emt 00:00:33]} Bxd4 {[%clk 00:19:43]}
{[%emt 00:01:20]} 22. Qxd4 {[%clk 00:40:28]} {[%emt 00:00:40]} Qc6+ {[%clk
00:19:31]} {[%emt 00:00:42]} 23. Kg3 {[%clk 00:38:13]} {[%emt 00:02:41]} Qxh1
{[%clk 00:19:48]} {[%emt 00:00:17]} 24. Rd1 {[%clk 00:37:19]} {[%emt 00:01:19]}
Qc6 {[%clk 00:18:32]} {[%emt 00:01:51]} 25. Bg2 {[%clk 00:37:08]} {[%emt
00:00:39]} Qc7 {[%clk 00:18:09]} {[%emt 00:00:51]} 26. Qxd7 {[%clk 00:37:20]}
{[%emt 00:00:21]} Qxd7 {[%clk 00:18:26]} {[%emt 00:00:15]} 27. Rxd7 {[%clk
00:37:40]} {[%emt 00:00:09]} Rac8 {[%clk 00:17:45]} {[%emt 00:01:12]} 28. b3
{[%clk 00:37:59]} {[%emt 00:00:11]} Rf7 {[%clk 00:17:28]} {[%emt 00:00:46]} 29.
Bxb7 {[%clk 00:37:13]} {[%emt 00:01:16]} Rc7 {[%clk 00:17:15]} {[%emt
00:00:44]} 30. Rxf7 {[%clk 00:37:18]} {[%emt 00:00:24]} Rxf7 {[%clk 00:17:35]}
{[%emt 00:00:10]} 31. Bc8 {[%clk 00:37:18]} {[%emt 00:00:29]} Rf6 {[%clk
00:17:06]} {[%emt 00:01:00]} 32. g5 {[%clk 00:37:21]} {[%emt 00:00:24]} Rg6
{[%clk 00:17:15]} {[%emt 00:00:24]} 33. h4 {[%clk 00:37:18]} {[%emt 00:00:34]}
e5 {[%clk 00:14:08]} {[%emt 00:03:36]} 34. fxe5 {[%clk 00:36:02]} {[%emt
00:01:46]} h6 {[%clk 00:13:35]} {[%emt 00:01:04]} 35. Bxf5 {[%clk 00:36:11]}
{[%emt 00:00:21]} Ra6 {[%clk 00:13:50]} {[%emt 00:00:15]} 36. Bb1 {[%clk
00:36:13]} {[%emt 00:00:25]} hxg5 {[%clk 00:11:33]} {[%emt 00:02:50]} 37. hxg5
{[%clk 00:36:34]} {[%emt 00:00:08]} Kf7 {[%clk 00:11:47]} {[%emt 00:00:17]} 38.
a4 {[%clk 00:36:14]} {[%emt 00:00:48]} Rb6 {[%clk 00:11:11]} {[%emt 00:01:06]}
39. Bc2 {[%clk 00:35:33]} {[%emt 00:01:12]} Ke6 {[%clk 00:11:21]} {[%emt
00:00:20]} 40. Kf4 {[%clk 00:35:38]} {[%emt 00:00:24]} Rb4 {[%clk 00:11:17]}
{[%emt 00:00:35]} 41. Bd1 {[%clk 00:35:05]} {[%emt 00:01:03]} 1/2-1/2

[Event "DEM U10w 2025"]
[Site "Willingen GER"]
[Date "2025.06.13"]
[Round "8"]
[White "Artarov, Rina"]
[Black "Classen, Meara"]
[Result "1-0"]
[Termination "normal"]
[Board "8"]
[WhiteElo "1282"]
[BlackElo "1459"]
[WhiteClock "00:50:55"]
[BlackClock "00:25:56"]
[PlyCount "89"]
[WhiteFideId "34692541"]
[BlackFideId "34626956"]
[EventCountry "GER"]
[EventRounds "9"]
[EventType "swiss"]
[EventDate "2025.06.07"]

1. e4 {[%clk 01:30:58]} {[%emt 00:00:02]} e6 {[%clk 01:30:46]} {[%emt
00:00:15]} 2. d4 {[%clk 01:31:21]} {[%emt 00:00:05]} d5 {[%clk 01:31:10]}
{[%emt 00:00:06]} 3. e5 {[%clk 01:31:45]} {[%emt 00:00:06]} c5 {[%clk
01:31:33]} {[%emt 00:00:08]} 4. c3 {[%clk 01:32:03]} {[%emt 00:00:12]} Nc6
{[%clk 01:31:51]} {[%emt 00:00:12]} 5. Nf3 {[%clk 01:32:20]} {[%emt 00:00:12]}
Qb6 {[%clk 01:31:47]} {[%emt 00:00:35]} 6. Bd3 {[%clk 01:32:33]} {[%emt
00:00:16]} Bd7 {[%clk 01:31:48]} {[%emt 00:00:30]} 7. O-O {[%clk 01:32:50]}
{[%emt 00:00:10]} cxd4 {[%clk 01:31:00]} {[%emt 00:01:22]} 8. Re1 {[%clk
01:33:04]} {[%emt 00:00:14]} Bc5 {[%clk 01:25:56]} {[%emt 00:05:35]} 9. b4
{[%emt 00:01:22]} Be7 {[%clk 01:23:51]} {[%emt 00:02:31]} 10. a3 {[%clk
01:30:53]} {[%emt 00:01:53]} dxc3 {[%clk 01:15:32]} {[%emt 00:08:49]} 11. Nxc3
{[%clk 01:31:09]} {[%emt 00:00:13]} a5 {[%clk 01:14:58]} {[%emt 00:01:05]} 12.
b5 {[%clk 01:27:45]} {[%emt 00:03:53]} Na7 {[%clk 01:11:33]} {[%emt 00:03:56]}
13. Be3 {[%clk 01:27:21]} {[%emt 00:00:53]} Qd8 {[%clk 01:09:59]} {[%emt
00:02:03]} 14. a4 {[%clk 01:25:46]} {[%emt 00:02:07]} Bb4 {[%clk 01:09:48]}
{[%emt 00:00:40]} 15. b6 {[%clk 01:21:32]} {[%emt 00:04:45]} Bxc3 {[%clk
01:04:16]} {[%emt 00:06:03]} 16. bxa7 {[%clk 01:20:53]} {[%emt 00:01:09]} Bxa1
{[%clk 01:04:05]} {[%emt 00:00:40]} 17. Qxa1 {[%clk 01:21:18]} {[%emt
00:00:04]} Ne7 {[%clk 01:04:00]} {[%emt 00:00:35]} 18. Rb1 {[%clk 01:20:01]}
{[%emt 00:01:47]} Qc7 {[%clk 01:00:33]} {[%emt 00:03:57]} 19. Nd4 {[%clk
01:14:35]} {[%emt 00:05:57]} Rxa7 {[%clk 00:57:09]} {[%emt 00:03:54]} 20. Nxe6
{[%clk 01:14:27]} {[%emt 00:00:37]} Bxe6 {[%clk 00:57:13]} {[%emt 00:00:27]}
21. Bxa7 {[%clk 01:14:47]} {[%emt 00:00:10]} Nc6 {[%clk 00:56:07]} {[%emt
00:01:36]} 22. Bb5 {[%clk 01:14:58]} {[%emt 00:00:18]} O-O {[%clk 00:55:39]}
{[%emt 00:00:58]} 23. Bxc6 {[%clk 01:14:24]} {[%emt 00:01:05]} bxc6 {[%clk
00:55:23]} {[%emt 00:00:46]} 24. Bb6 {[%clk 01:13:56]} {[%emt 00:00:58]} Qd7
{[%clk 00:52:51]} {[%emt 00:03:00]} 25. Bxa5 {[%clk 01:13:47]} {[%emt
00:00:41]} c5 {[%clk 00:49:41]} {[%emt 00:03:40]} 26. Bb6 {[%clk 01:02:47]}
{[%emt 00:11:30]} c4 {[%clk 00:45:28]} {[%emt 00:04:42]} 27. a5 {[%clk
01:02:55]} {[%emt 00:00:23]} Qc6 {[%clk 00:41:26]} {[%emt 00:04:31]} 28. Bd4
{[%clk 01:02:24]} {[%emt 00:01:02]} Rc8 {[%clk 00:38:11]} {[%emt 00:03:44]} 29.
a6 {[%clk 01:01:16]} {[%emt 00:01:39]} c3 {[%clk 00:37:21]} {[%emt 00:01:20]}
30. Bxc3 {[%clk 01:00:09]} {[%emt 00:01:38]} Qxc3 {[%clk 00:36:57]} {[%emt
00:00:53]} 31. Qxc3 {[%clk 01:00:29]} {[%emt 00:00:10]} Rxc3 {[%clk 00:37:13]}
32. a7 {[%clk 01:00:36]} {[%emt 00:00:37]} h6 {[%clk 00:32:24]} {[%emt
00:05:19]} 33. a8=Q+ {[%clk 01:00:51]} {[%emt 00:00:15]} Kh7 {[%clk 00:32:39]}
{[%emt 00:00:14]} 34. h3 {[%clk 01:00:00]} {[%emt 00:01:21]} Bf5 {[%clk
00:32:38]} {[%emt 00:00:31]} 35. Rd1 {[%clk 00:58:48]} {[%emt 00:01:42]} Be6
{[%clk 00:31:46]} {[%emt 00:01:22]} 36. Qa5 {[%clk 00:57:57]} {[%emt 00:01:21]}
Rc4 {[%clk 00:31:18]} {[%emt 00:01:00]} 37. Qa7 {[%clk 00:57:06]} {[%emt
00:01:22]} Re4 {[%clk 00:30:53]} {[%emt 00:00:54]} 38. Qa1 {[%clk 00:54:57]}
{[%emt 00:02:38]} Rf4 {[%clk 00:29:56]} {[%emt 00:01:28]} 39. Rd4 {[%clk
00:53:24]} {[%emt 00:02:04]} Rf5 {[%clk 00:29:09]} {[%emt 00:01:16]} 40. Qb1
{[%clk 00:53:18]} {[%emt 00:00:36]} g6 {[%clk 00:28:54]} {[%emt 00:00:45]} 41.
Qb8 {[%clk 00:52:03]} {[%emt 00:01:46]} Rg5 {[%clk 00:28:45]} {[%emt 00:00:38]}
42. h4 {[%clk 00:50:11]} {[%emt 00:02:22]} Rf5 {[%clk 00:27:09]} {[%emt
00:02:04]} 43. Ra4 {[%clk 00:50:28]} {[%emt 00:00:15]} Bd7 {[%clk 00:27:11]}
{[%emt 00:00:28]} 44. Ra8 {[%clk 00:50:48]} {[%emt 00:00:11]} h5 {[%clk
00:25:56]} {[%emt 00:01:44]} 45. Qh8# {[%clk 00:50:55]} {[%emt 00:00:08]} 1-0

[Event "DEM U10w 2025"]
[Site "Willingen GER"]
[Date "2025.06.13"]
[Round "8"]
[White "Missova, Dimana"]
[Black "Schaper, Alicia"]
[Result "0-1"]
[Termination "normal"]
[Board "9"]
[WhiteElo "945"]
[BlackElo "1473"]
[WhiteClock "01:35:55"]
[BlackClock "01:07:52"]
[PlyCount "132"]
[WhiteFideId "533043582"]
[BlackFideId "533012091"]
[EventCountry "GER"]
[EventRounds "9"]
[EventType "swiss"]
[EventDate "2025.06.07"]

1. e4 {[%clk 01:30:58]} c5 {[%clk 01:30:55]} {[%emt 00:00:05]} 2. Nf3 {[%clk
01:31:22]} {[%emt 00:00:07]} d6 {[%clk 01:31:16]} {[%emt 00:00:08]} 3. d4
{[%clk 01:31:45]} {[%emt 00:00:08]} cxd4 {[%clk 01:31:39]} {[%emt 00:00:07]} 4.
Nxd4 {[%clk 01:32:07]} {[%emt 00:00:08]} Nf6 {[%clk 01:32:01]} {[%emt
00:00:08]} 5. Nc3 {[%clk 01:32:28]} {[%emt 00:00:09]} a6 {[%clk 01:32:23]}
{[%emt 00:00:07]} 6. Bc4 {[%clk 01:32:44]} {[%emt 00:00:14]} e6 {[%clk
01:32:40]} {[%emt 00:00:14]} 7. Be3 {[%clk 01:32:53]} {[%emt 00:00:21]} b5
{[%clk 01:32:50]} {[%emt 00:00:20]} 8. Bd3 {[%clk 01:33:00]} {[%emt 00:00:22]}
Bb7 {[%clk 01:32:46]} {[%emt 00:00:35]} 9. a3 {[%clk 01:33:07]} {[%emt
00:00:23]} Be7 {[%clk 01:32:52]} {[%emt 00:00:23]} 10. Qd2 {[%clk 01:33:20]}
{[%emt 00:00:18]} Nbd7 {[%clk 01:31:02]} {[%emt 00:02:19]} 11. O-O {[%clk
01:33:13]} {[%emt 00:00:37]} O-O {[%clk 01:31:12]} {[%emt 00:00:20]} 12. Rad1
{[%clk 01:33:21]} {[%emt 00:00:22]} d5 {[%clk 01:30:36]} {[%emt 00:01:07]} 13.
exd5 {[%clk 01:33:25]} {[%emt 00:00:26]} Nxd5 {[%clk 01:29:30]} {[%emt
00:01:35]} 14. Nxd5 {[%clk 01:33:03]} {[%emt 00:00:52]} Bxd5 {[%clk 01:29:47]}
{[%emt 00:00:13]} 15. Rfe1 {[%clk 01:31:51]} {[%emt 00:01:42]} Rc8 {[%clk
01:23:50]} {[%emt 00:06:27]} 16. Bf4 {[%clk 01:31:24]} {[%emt 00:00:57]} Bf6
{[%clk 01:19:57]} {[%emt 00:04:23]} 17. Be3 {[%clk 01:31:36]} {[%emt 00:00:18]}
e5 {[%clk 01:18:02]} {[%emt 00:02:25]} 18. Nb3 {[%clk 01:31:44]} {[%emt
00:00:22]} e4 {[%clk 01:16:13]} {[%emt 00:02:19]} 19. Be2 {[%clk 01:29:43]}
{[%emt 00:02:31]} Bxb3 {[%clk 01:12:35]} {[%emt 00:04:09]} 20. cxb3 {[%clk
01:29:47]} {[%emt 00:00:25]} Ne5 {[%clk 01:08:47]} {[%emt 00:04:18]} 21. Qxd8
{[%clk 01:29:51]} {[%emt 00:00:26]} Rfxd8 {[%clk 01:08:14]} {[%emt 00:01:03]}
22. Rxd8+ {[%clk 01:29:55]} {[%emt 00:00:26]} Rxd8 {[%clk 01:08:33]} {[%emt
00:00:11]} 23. Rc1 {[%clk 01:29:53]} {[%emt 00:00:30]} Nd3 {[%clk 01:06:54]}
{[%emt 00:02:12]} 24. Bxd3 {[%clk 01:29:42]} {[%emt 00:00:41]} exd3 {[%clk
01:05:40]} {[%emt 00:01:43]} 25. Rd1 {[%clk 01:29:35]} {[%emt 00:00:38]} Bxb2
{[%clk 01:05:41]} {[%emt 00:00:29]} 26. a4 {[%clk 01:29:50]} {[%emt 00:00:15]}
bxa4 {[%clk 01:04:20]} {[%emt 00:01:51]} 27. bxa4 {[%clk 01:30:05]} {[%emt
00:00:14]} h6 {[%clk 01:01:43]} {[%emt 00:03:06]} 28. Bc1 {[%clk 01:30:24]}
{[%emt 00:00:12]} Bxc1 {[%clk 01:01:41]} {[%emt 00:00:32]} 29. Rxc1 {[%clk
01:30:51]} {[%emt 00:00:04]} g5 {[%clk 01:01:50]} {[%emt 00:00:21]} 30. Kf1
{[%clk 01:31:10]} {[%emt 00:00:11]} Kg7 {[%clk 01:01:09]} {[%emt 00:01:11]} 31.
Rd1 {[%clk 01:31:34]} {[%emt 00:00:07]} Rd4 {[%clk 01:00:53]} {[%emt 00:00:45]}
32. a5 {[%clk 01:31:41]} {[%emt 00:00:23]} Rd5 {[%clk 00:59:45]} {[%emt
00:01:37]} 33. h3 {[%clk 01:31:49]} {[%emt 00:00:23]} Rxa5 {[%clk 00:59:43]}
{[%emt 00:00:33]} 34. Rxd3 {[%clk 01:32:11]} {[%emt 00:00:06]} Ra1+ {[%clk
00:59:43]} {[%emt 00:00:31]} 35. Ke2 {[%clk 01:32:33]} {[%emt 00:00:06]} a5
{[%clk 00:59:50]} {[%emt 00:00:25]} 36. Rd1 {[%clk 01:32:32]} {[%emt 00:00:31]}
Rxd1 {[%clk 00:59:47]} {[%emt 00:00:32]} 37. Kxd1 {[%clk 01:32:57]} {[%emt
00:00:05]} Kf6 {[%clk 01:00:05]} {[%emt 00:00:12]} 38. Kc2 {[%clk 01:33:14]}
{[%emt 00:00:14]} Ke5 {[%clk 01:00:22]} {[%emt 00:00:13]} 39. Kd3 {[%clk
01:33:03]} {[%emt 00:00:41]} a4 {[%clk 01:00:32]} {[%emt 00:00:20]} 40. g3
{[%clk 01:32:38]} {[%emt 00:00:54]} Kd5 {[%clk 01:00:39]} {[%emt 00:00:24]} 41.
f3 {[%clk 01:31:28]} {[%emt 00:01:40]} f5 {[%clk 01:00:41]} {[%emt 00:00:27]}
42. g4 {[%clk 01:29:05]} {[%emt 00:02:52]} fxg4 {[%clk 01:00:45]} {[%emt
00:00:27]} 43. fxg4 {[%clk 01:29:18]} {[%emt 00:00:18]} Ke5 {[%clk 01:00:55]}
{[%emt 00:00:20]} 44. Kc4 {[%clk 01:29:32]} {[%emt 00:00:16]} Kf4 {[%clk
01:01:06]} {[%emt 00:00:18]} 45. Kb4 {[%clk 01:29:41]} {[%emt 00:00:22]} a3
{[%clk 01:01:25]} {[%emt 00:00:10]} 46. Kxa3 {[%clk 01:30:05]} {[%emt
00:00:06]} Kg3 {[%clk 01:01:46]} {[%emt 00:00:09]} 47. Kb4 {[%clk 01:30:16]}
{[%emt 00:00:19]} Kxh3 {[%clk 01:02:07]} {[%emt 00:00:09]} 48. Kc5 {[%clk
01:30:40]} {[%emt 00:00:07]} Kxg4 {[%clk 01:02:29]} {[%emt 00:00:07]} 49. Kd5
{[%clk 01:31:01]} {[%emt 00:00:09]} h5 {[%clk 01:02:44]} {[%emt 00:00:16]} 50.
Ke5 {[%clk 01:31:20]} {[%emt 00:00:11]} Kg3 {[%clk 01:02:47]} {[%emt 00:00:27]}
51. Kf5 {[%clk 01:31:40]} {[%emt 00:00:08]} h4 {[%clk 01:03:10]} {[%emt
00:00:08]} 52. Kxg5 {[%clk 01:32:03]} {[%emt 00:00:07]} h3 {[%clk 01:03:31]}
{[%emt 00:00:09]} 53. Kh5 {[%clk 01:32:29]} {[%emt 00:00:04]} h2 {[%clk
01:03:50]} {[%emt 00:00:12]} 54. Kg5 {[%clk 01:32:53]} {[%emt 00:00:06]} h1=Q
{[%clk 01:04:10]} {[%emt 00:00:09]} 55. Kf5 {[%clk 01:33:17]} {[%emt 00:00:07]}
Qh4 {[%clk 01:04:30]} {[%emt 00:00:09]} 56. Ke5 {[%clk 01:33:38]} {[%emt
00:00:08]} Kf3 {[%clk 01:04:42]} {[%emt 00:00:19]} 57. Ke6 {[%clk 01:33:33]}
{[%emt 00:00:36]} Qh5 {[%clk 01:05:05]} {[%emt 00:00:07]} 58. Kf6 {[%clk
01:33:43]} {[%emt 00:00:19]} Ke4 {[%clk 01:05:22]} {[%emt 00:00:13]} 59. Ke6
{[%clk 01:33:52]} {[%emt 00:01:46]} Qh6+ {[%clk 01:05:45]} {[%emt 00:00:07]}
60. Kd7 {[%clk 01:34:15]} {[%emt 00:00:07]} Ke5 {[%clk 01:06:06]} {[%emt
00:00:10]} 61. Kc7 {[%clk 01:34:35]} {[%emt 00:00:10]} Kd5 {[%clk 01:06:23]}
{[%emt 00:00:13]} 62. Kb7 {[%clk 01:34:49]} {[%emt 00:00:16]} Kc5 {[%clk
01:06:42]} {[%emt 00:00:10]} 63. Ka7 {[%clk 01:35:11]} {[%emt 00:00:08]} Kb5
{[%clk 01:06:55]} {[%emt 00:00:17]} 64. Kb7 {[%clk 01:35:23]} {[%emt 00:00:19]}
Qh7+ {[%clk 01:07:16]} {[%emt 00:00:09]} 65. Kc8 {[%clk 01:35:31]} {[%emt
00:00:22]} Kc6 {[%clk 01:07:27]} {[%emt 00:00:18]} 66. Kd8 {[%clk 01:35:55]}
{[%emt 00:00:06]} Qd7# {[%clk 01:07:52]} {[%emt 00:00:05]} 0-1

[Event "DEM U10w 2025"]
[Site "Willingen GER"]
[Date "2025.06.13"]
[Round "8"]
[White "Bräutigam, Viktoria"]
[Black "Müller, Greta Waltraud"]
[Result "1/2-1/2"]
[Termination "normal"]
[Board "10"]
[WhiteElo "1569"]
[BlackElo "1362"]
[WhiteClock "00:48:00"]
[BlackClock "00:23:23"]
[PlyCount "126"]
[WhiteFideId "34638652"]
[BlackFideId "533043590"]
[EventCountry "GER"]
[EventRounds "9"]
[EventType "swiss"]
[EventDate "2025.06.07"]

1. e4 {[%clk 01:30:57]} {[%emt 00:00:02]} e5 {[%clk 01:30:50]} {[%emt
00:00:11]} 2. Nc3 {[%clk 01:31:13]} {[%emt 00:00:14]} Nf6 {[%clk 01:30:18]}
{[%emt 00:01:02]} 3. f4 {[%clk 01:31:15]} {[%emt 00:00:27]} exf4 {[%clk
01:30:08]} {[%emt 00:00:41]} 4. e5 {[%clk 01:30:57]} {[%emt 00:00:48]} Qe7
{[%clk 01:29:26]} {[%emt 00:01:05]} 5. Qe2 {[%clk 01:29:57]} {[%emt 00:01:36]}
Ng8 {[%clk 01:28:53]} {[%emt 00:01:03]} 6. Nf3 {[%clk 01:29:07]} {[%emt
00:01:19]} c6 {[%clk 01:27:55]} {[%emt 00:01:29]} 7. d4 {[%clk 01:25:49]}
{[%emt 00:03:48]} g5 {[%clk 01:26:17]} {[%emt 00:02:07]} 8. h4 {[%clk
01:25:48]} {[%emt 00:00:30]} Bh6 {[%clk 01:20:33]} {[%emt 00:06:16]} 9. hxg5
{[%clk 01:20:05]} {[%emt 00:06:12]} Bxg5 {[%clk 01:18:24]} {[%emt 00:02:39]}
10. Nxg5 {[%clk 01:18:20]} {[%emt 00:02:16]} Qxg5 {[%clk 01:17:27]} {[%emt
00:01:26]} 11. Qf3 {[%clk 01:17:27]} {[%emt 00:01:23]} Qg3+ {[%clk 01:11:21]}
{[%emt 00:06:28]} 12. Qxg3 {[%clk 01:16:34]} {[%emt 00:01:28]} fxg3 {[%clk
01:11:31]} {[%emt 00:00:23]} 13. Bf4 {[%clk 01:16:44]} {[%emt 00:00:20]} d5
{[%clk 01:10:38]} {[%emt 00:01:23]} 14. exd6 {[%clk 01:16:14]} {[%emt
00:01:00]} Bg4 {[%clk 01:09:56]} {[%emt 00:01:12]} 15. Ne4 {[%clk 01:13:56]}
{[%emt 00:02:47]} Bf5 {[%clk 01:07:00]} {[%emt 00:03:26]} 16. Be5 {[%clk
01:13:23]} {[%emt 00:01:03]} f6 {[%clk 01:06:23]} {[%emt 00:01:07]} 17. Nxf6+
{[%clk 01:12:43]} {[%emt 00:01:11]} Nxf6 {[%clk 01:06:27]} {[%emt 00:00:26]}
18. Bxf6 {[%clk 01:12:55]} {[%emt 00:00:17]} Rf8 {[%clk 01:05:09]} {[%emt
00:01:34]} 19. Be7 {[%clk 01:12:54]} {[%emt 00:00:45]} Rg8 {[%clk 01:00:33]}
{[%emt 00:04:10]} 20. Bc4 {[%clk 01:12:04]} {[%emt 00:02:16]} Rg4 {[%clk
00:59:06]} {[%emt 00:01:49]} 21. Rf1 {[%clk 01:11:36]} {[%emt 00:01:05]} Re4+
{[%clk 00:55:34]} {[%emt 00:04:02]} 22. Be2 {[%clk 01:09:54]} {[%emt 00:02:12]}
Bg4 {[%clk 00:52:31]} {[%emt 00:03:33]} 23. Rf8+ {[%clk 01:07:10]} {[%emt
00:03:14]} Kd7 {[%clk 00:52:41]} {[%emt 00:00:20]} 24. Rd8+ {[%clk 01:07:13]}
{[%emt 00:00:26]} Ke6 {[%clk 00:52:46]} {[%emt 00:00:12]} 25. Kf1 {[%clk
01:06:30]} {[%emt 00:01:27]} Bxe2+ {[%clk 00:52:18]} {[%emt 00:00:57]} 26. Kg1
{[%clk 01:05:06]} {[%emt 00:01:53]} Rxd4 {[%clk 00:47:03]} {[%emt 00:05:45]}
27. Re1 {[%clk 01:04:35]} {[%emt 00:01:00]} Kd5 {[%clk 00:40:17]} {[%emt
00:07:19]} 28. d7 {[%clk 01:02:23]} {[%emt 00:02:42]} Bg4 {[%clk 00:38:08]}
{[%emt 00:02:38]} 29. Rxb8 {[%clk 01:01:42]} {[%emt 00:01:12]} Rxb8 {[%clk
00:38:16]} {[%emt 00:00:21]} 30. d8=Q+ {[%clk 01:02:10]} {[%emt 00:00:34]} Rxd8
{[%clk 00:39:07]} {[%emt 00:00:08]} 31. Bxd8 {[%clk 01:02:22]} {[%emt
00:00:18]} Rd2 {[%clk 00:39:01]} {[%emt 00:00:32]} 32. Rc1 {[%clk 01:01:49]}
{[%emt 00:01:06]} h5 {[%clk 00:38:36]} {[%emt 00:00:49]} 33. Kf1 {[%clk
00:58:49]} {[%emt 00:03:37]} b5 {[%clk 00:34:54]} {[%emt 00:04:11]} 34. Bh4
{[%clk 00:58:24]} {[%emt 00:00:54]} Rd1+ {[%clk 00:34:22]} {[%emt 00:00:59]}
35. Rxd1+ {[%clk 00:58:24]} {[%emt 00:00:32]} Bxd1 {[%clk 00:34:49]} {[%emt
00:00:05]} 36. c3 {[%clk 00:58:03]} {[%emt 00:00:52]} Kc4 {[%clk 00:35:03]}
{[%emt 00:00:16]} 37. Ke1 {[%clk 00:57:55]} {[%emt 00:00:37]} Bg4 {[%clk
00:34:50]} {[%emt 00:00:40]} 38. Kd2 {[%clk 00:57:33]} {[%emt 00:00:56]} Kd5
{[%clk 00:33:34]} {[%emt 00:01:43]} 39. Bxg3 {[%clk 00:57:21]} {[%emt
00:00:46]} a5 {[%clk 00:33:52]} {[%emt 00:00:13]} 40. Bf2 {[%clk 00:54:25]}
{[%emt 00:03:24]} Kc4 {[%clk 00:27:10]} {[%emt 00:07:06]} 41. Bb6 {[%clk
00:53:50]} {[%emt 00:01:13]} a4 {[%clk 00:24:40]} {[%emt 00:02:59]} 42. g3
{[%clk 00:52:14]} {[%emt 00:02:06]} b4 {[%clk 00:24:22]} {[%emt 00:00:41]} 43.
Bd4 {[%clk 00:52:19]} {[%emt 00:00:32]} Kb5 {[%clk 00:22:59]} {[%emt 00:01:51]}
44. Ke3 {[%clk 00:51:34]} {[%emt 00:01:15]} Be6 {[%clk 00:22:27]} {[%emt
00:01:04]} 45. a3 {[%clk 00:50:03]} {[%emt 00:02:02]} bxa3 {[%clk 00:22:46]}
{[%emt 00:00:11]} 46. bxa3 {[%clk 00:50:14]} {[%emt 00:00:18]} c5 {[%clk
00:21:36]} {[%emt 00:01:41]} 47. Be5 {[%clk 00:49:35]} {[%emt 00:01:09]} Kc4
{[%emt 00:01:27]} 48. Kd2 {[%clk 00:49:07]} Kb3 {[%clk 00:21:41]} {[%emt
00:00:23]} 49. Bd6 {[%clk 00:48:58]} {[%emt 00:00:41]} Kxa3 {[%clk 00:21:51]}
{[%emt 00:00:19]} 50. Bxc5+ {[%clk 00:49:17]} {[%emt 00:00:10]} Kb2 {[%clk
00:22:17]} {[%emt 00:00:04]} 51. Bd4 {[%clk 00:47:50]} {[%emt 00:02:00]} a3
{[%clk 00:21:15]} {[%emt 00:01:32]} 52. c4+ {[%clk 00:47:40]} {[%emt 00:00:39]}
Kb1 {[%clk 00:21:33]} {[%emt 00:00:09]} 53. c5 {[%clk 00:47:29]} {[%emt
00:00:44]} a2 {[%clk 00:21:30]} {[%emt 00:00:34]} 54. c6 {[%clk 00:47:43]}
{[%emt 00:00:16]} a1=Q {[%clk 00:21:45]} {[%emt 00:00:16]} 55. Bxa1 {[%clk
00:48:00]} {[%emt 00:00:12]} Kxa1 {[%clk 00:22:12]} {[%emt 00:00:03]} 56. c7
{[%clk 00:48:08]} {[%emt 00:00:21]} Kb2 {[%clk 00:22:33]} {[%emt 00:00:07]} 57.
Ke3 {[%clk 00:48:17]} {[%emt 00:00:24]} Kc3 {[%clk 00:22:28]} {[%emt 00:00:33]}
58. Kf4 {[%clk 00:48:13]} {[%emt 00:00:35]} Kc4 {[%clk 00:22:41]} {[%emt
00:00:19]} 59. Kf3 {[%clk 00:48:11]} {[%emt 00:00:32]} Kd4 {[%clk 00:22:56]}
{[%emt 00:00:14]} 60. Kf4 {[%clk 00:48:02]} {[%emt 00:00:40]} Kd5 {[%clk
00:23:01]} {[%emt 00:00:22]} 61. Kg5 {[%clk 00:48:03]} {[%emt 00:00:33]} Kd6
{[%clk 00:22:48]} {[%emt 00:00:41]} 62. Kxh5 {[%clk 00:48:06]} {[%emt
00:00:28]} Kxc7 {[%clk 00:23:02]} {[%emt 00:00:17]} 63. g4 {[%clk 00:48:00]}
{[%emt 00:00:37]} Bxg4+ {[%clk 00:23:23]} {[%emt 00:00:09]} 1/2-1/2